000 00243nam a2200097Ia 4500
001 1208184
005 20250827022841.0
008 250824s9999 xx 000 0 und d
245 0 _aAYLAKLAR
_cMELİH CEVDET ANDAY
260 _bEVEREST YAYINLARI
999 _c1208184
_d1208184